<?xml version="1.0" encoding="UTF-8"?>
<marc:record xmlns:marc="http://www.loc.gov/MARC21/slim">
   <marc:leader>00000nam a2200000 a 4500</marc:leader>
   <marc:datafield ind1="1" ind2=" " tag="100">
      <marc:subfield code="a">MacHale, D. J.</marc:subfield>
      <marc:subfield code="4">aut</marc:subfield>
      <marc:subfield code="e">Verfasser/-in</marc:subfield>
   </marc:datafield>
   <marc:datafield ind1=" " ind2=" " tag="653">
      <marc:subfield code="a">Pendragon</marc:subfield>
   </marc:datafield>
   <marc:datafield ind1=" " ind2=" " tag="653">
      <marc:subfield code="a">Fantasy</marc:subfield>
   </marc:datafield>
   <marc:datafield ind1=" " ind2=" " tag="653">
      <marc:subfield code="a">Jugendbuch</marc:subfield>
   </marc:datafield>
   <marc:datafield ind1="0" ind2="0" tag="245">
      <marc:subfield code="a">Der Händler des Todes</marc:subfield>
   </marc:datafield>
   <marc:datafield ind1="0" ind2="0" tag="245">
      <marc:subfield code="b">Journal einer Reise durch Zeit und Raum</marc:subfield>
   </marc:datafield>
   <marc:datafield ind1="0" ind2="0" tag="245">
      <marc:subfield code="c">MacHale, D. J.</marc:subfield>
   </marc:datafield>
   <marc:datafield ind1=" " ind2="1" tag="264">
      <marc:subfield code="a">Wien</marc:subfield>
      <marc:subfield code="b">Ueberreuter</marc:subfield>
      <marc:subfield code="c">2004</marc:subfield>
   </marc:datafield>
   <marc:datafield ind1="1" ind2=" " tag="490">
      <marc:subfield code="a">Pendragon</marc:subfield>
      <marc:subfield code="v">1</marc:subfield>
   </marc:datafield>
   <marc:datafield ind1="1" ind2=" " tag="520">
      <marc:subfield code="a">Die Abenteuer von Bobby Pendragon als Reisender durch Raum und Zeit. Pendragon, ein Name, vom Autor entlehnt aus der Artus-Saga, steht hier für außergwöhnlich spannende Fantasy, aber ohne jeglichen Bezug zu dieser Mythologie. Das Buch wird genretypisch auch erwachsene Leser an der Seite des jugendlichen Helden in seinen Bann ziehen. In Form eines Reisejournals erfährt man von den Abenteuern des auf der Erde der Gegenwart lebenden 15-jährigen Bobby Pendragon, der als Auserwählter durch Raum und Zeit katapultiert und auf dem fremden Territorium Denduron in einen Bürgerkrieg zwischen den Bedoowan und den Milago verstrickt wird. Als so genannter "Reisender" zwischen den Welten ist es sein Schicksal, für die Wiederherstellung des Friedens einzutreten und damit die Zukunft von ganz "Halla", den 10 Territorien, zu denen auch "Zweite Erde" zugehört, zu sichern. Wie gewöhnlich stehen Werte wie Ehre und Mut im Mittelpunkt der Handlungen, die den Kampf gegen die bösen Finsterlinge beschreiben und durch die Akteure vor mittelalterlicher Kulisse ausgezeichnet in Szene gesetzt werden. Etwas für eingefleischte Fantasy-Fans auf gut lesbarem und handlungstechnisch hohem Niveau.</marc:subfield>
   </marc:datafield>
   <marc:datafield ind1=" " ind2=" " tag="020">
      <marc:subfield code="a">9783800050796</marc:subfield>
      <marc:subfield code="9">9783800050796</marc:subfield>
   </marc:datafield>
   <marc:datafield ind1=" " ind2=" " tag="020">
      <marc:subfield code="a">380005079X</marc:subfield>
      <marc:subfield code="9">380005079X</marc:subfield>
   </marc:datafield>
   <marc:datafield ind1=" " ind2=" " tag="041">
      <marc:subfield code="a">ger</marc:subfield>
   </marc:datafield>
   <marc:datafield ind1="0" ind2=" " tag="490">
      <marc:subfield code="v">1</marc:subfield>
   </marc:datafield>
   <marc:datafield ind1=" " ind2=" " tag="338">
      <marc:subfield code="a">Band</marc:subfield>
   </marc:datafield>
   <marc:datafield ind1=" " ind2=" " tag="300">
      <marc:subfield code="a">392 S.</marc:subfield>
   </marc:datafield>
</marc:record>
